Rigoletto (Запись № 13283790)

Подробности
000 -МАРКЕР
контрольное поле 02543njm0a2200529 4500
001 - ИДЕНТИФИКАТОР ЗАПИСИ
контрольное поле RU\NLR\ONIZ\224758
005 - ИДЕНТИФИКАТОР ВЕРСИИ
контрольное поле 20250708192921.0
035 ## - ДРУГИЕ СИСТЕМНЫЕ НОМЕРА
Идентификатор записи (NLR Aleph) 011903820
035 ## - ДРУГИЕ СИСТЕМНЫЕ НОМЕРА
Идентификатор записи RU\NLR\ONIZ\GALA\5000033952\20181221141751
071 00 - ИЗДАТЕЛЬСКИЙ НОМЕР
Номер, присвоенный агентством 054100
100 ## - ДАННЫЕ ОБЩЕЙ ОБРАБОТКИ
Данные общей обработки 20181221f19001999|||y0rusy50 ca
102 ## - СТРАНА ПУБЛИКАЦИИ ИЛИ ПРОИЗВОДСТВА
Страна публикации Российская Федерация
126 ## - ПОЛЕ КОДИРОВАННЫХ ДАННЫХ: ЗВУКОЗАПИСИ - ФИЗИЧЕСКИЕ ХАРАКТЕРИСТИКИ
Кодированные данные звукозаписи (общие) aguxexu ux
Кодированные данные звукозаписи (уточнения) xxx
127 ## - ПОЛЕ КОДИРОВАННЫХ ДАННЫХ: ПРОДОЛЖИТЕЛЬНОСТЬ ЗВУКОЗАПИСЕЙ И НОТНЫХ ИЗДАНИЙ (МУЗЫКАЛЬНОЕ ИСПОЛНЕНИЕ)
Продолжительность 000010
135 ## - ПОЛЕ КОДИРОВАННЫХ ДАННЫХ: ЭЛЕКТРОННЫЕ РЕСУРСЫ
Кодированные данные для электронного ресурса honoannnanndn
200 1# - ЗАГЛАВИЕ И СВЕДЕНИЯ ОБ ОТВЕТСТВЕННОСТИ
Основное заглавие Rigoletto
Общее обозначение материала Звукозапись
Сведения, относящиеся к заглавию Piangi fanciulla [Rigoletto & Gilda duet , II act]
Первые сведения об ответственности [G.] Verdi
Последующие сведения об ответственности исполн.: M. Galvany [soprano], T. Ruffo [baritone], Mo/ direttore d'orchestra C. Sanaino (Milano)
210 ## - ПУБЛИКАЦИЯ, РАСПРОСТРАНЕНИЕ И ДР.
Место издания, распространения и т.д. S. l.
Имя издателя, распространителя и т. д. Gramophone Monarch Record
Дата издания, распространения и т.д. [19--]
215 ## - ФИЗИЧЕСКАЯ ХАРАКТЕРИСТИКА
Специфическое обозначение материала и объем 1грп.(10 мин): 78 об/мин, моно; 30 см, в конв.
300 ## - ОБЩИЕ ПРИМЕЧАНИЯ
Текст примечания (грп. односторонняя)
325 ## - ПРИМЕЧАНИЕ О КОПИИ
Текст примечания Копия доступна в электронной библиотеке РНБ
500 00 - УНИФИЦИРОВАННОЕ ЗАГЛАВИЕ
Унифицированное заглавие Риголетто
Наименование раздела или части Дуэт Джильды и Риголетто, 2 д.
Общее обозначение материала Звукозапись
Сведения, относящиеся к заглавию/сведения о виде, жанре, характере документа опера
Средства исполнения (для музыкальных произведений) сопрано и баритон, с орк.
606 1# - НАИМЕНОВАНИЕ ТЕМЫ КАК ПРЕДМЕТ
Наименование темы Оперные певцы зарубежные
Тематический подзаголовок Звукозапись
Географический подзаголовок Италия
Хронологический подзаголовок 20 в. нач.
Код системы nlr_sh
686 ## - ИНДЕКСЫ ДРУГИХ КЛАССИФИКАЦИЙ
Индекс Щ942.19-071(4Ит)
Издание LBC/SL
Код системы
700 #1 - ИМЯ ЛИЦА - ПЕРВИЧНАЯ ОТВЕТСТВЕННОСТЬ
Системный номер авторитетной/нормативной записи z01790
Начальный элемент ввода Верди
Часть имени, кроме начального элемента ввода Д.
Даты 1813-1901
Расширение инициалов личного имени Джузеппе
Код отношения Композитор
Графика поля Кириллица
702 #1 - ИМЯ ЛИЦА - ВТОРИЧНАЯ ОТВЕТСТВЕННОСТЬ
Системный номер авторитетной/нормативной записи z08790
Начальный элемент ввода Сабайно
Часть имени, кроме начального элемента ввода К.
Дополнения к именам, кроме дат дирижер
Даты 1874-1938
Расширение инициалов личного имени Карло
Код отношения Дирижер, Руководитель оркестра
Графика поля Кириллица
702 #1 - ИМЯ ЛИЦА - ВТОРИЧНАЯ ОТВЕТСТВЕННОСТЬ
Системный номер авторитетной/нормативной записи z09790
Начальный элемент ввода Гальвани
Часть имени, кроме начального элемента ввода М.
Даты 1878-1949
Расширение инициалов личного имени Мария
Код отношения Исполнитель
--
Графика поля Кириллица
702 #1 - ИМЯ ЛИЦА - ВТОРИЧНАЯ ОТВЕТСТВЕННОСТЬ
Системный номер авторитетной/нормативной записи z10790
Начальный элемент ввода Руффо
Часть имени, кроме начального элемента ввода Т.
Даты 1877-1953
Расширение инициалов личного имени Титта
Код отношения Исполнитель
--
790 #1 - ИМЯ ЛИЦА - АЛЬТЕРНАТИВНАЯ ФОРМА
Системный номер авторитетной/нормативной записи z01700
Начальный элемент ввода Verdi
Часть имени, кроме начального элемента ввода D. F. F.
Даты 1813-1901
Расширение инициалов личного имени Džuzeppe Fortunino Frančesko
Код отношения Композитор
Графика поля Латинская
790 #1 - ИМЯ ЛИЦА - АЛЬТЕРНАТИВНАЯ ФОРМА
Системный номер авторитетной/нормативной записи z08702
Начальный элемент ввода Sabajno
Часть имени, кроме начального элемента ввода C.
Даты 1874-1938
Расширение инициалов личного имени Carlo
Код отношения Дирижер, Руководитель оркестра
Графика поля Латинская
790 #1 - ИМЯ ЛИЦА - АЛЬТЕРНАТИВНАЯ ФОРМА
Системный номер авторитетной/нормативной записи z09702
Начальный элемент ввода Galvany
Часть имени, кроме начального элемента ввода M.
Даты 1878-1949
Расширение инициалов личного имени Marija
Код отношения Исполнитель
--
Графика поля Латинская
790 #1 - ИМЯ ЛИЦА - АЛЬТЕРНАТИВНАЯ ФОРМА
Системный номер авторитетной/нормативной записи z10702
Начальный элемент ввода Ruffo
Часть имени, кроме начального элемента ввода T.
Даты 1877-1953
Расширение инициалов личного имени Titta
Код отношения Исполнитель
--
801 #0 - ИСТОЧНИК ЗАПИСИ
Страна Российская Федерация
Организация NLR
Дата составления 20181221
Правила каталогизации PSBO
801 #1 - ИСТОЧНИК ЗАПИСИ
Страна Российская Федерация
Организация NLR
Дата составления 20181221
Источник данных rusmarc
801 #2 - ИСТОЧНИК ЗАПИСИ
Страна Российская Федерация
Организация NLR
Дата составления 20181221
852 ## - МЕСТОНАХОЖДЕНИЕ И ШИФР ХРАНЕНИЯ
Идентификатор организации NLR
Наименование фонда или коллекции (Sub-Location Identifier) Мг
Шифр хранения (Call Number) 3к/2953
Страна
Номер экземпляра 1
856 #0 - МЕСТОНАХОЖДЕНИЕ ЭЛЕКТРОННЫХ РЕСУРОВ И ДОСТУП К НИМ
Универсальный идентификатор ресурса (Uniform Resource Identifier) https://vivaldi.nlr.ru/mk000000684/view
856 #1 - МЕСТОНАХОЖДЕНИЕ ЭЛЕКТРОННЫХ РЕСУРОВ И ДОСТУП К НИМ
Универсальный идентификатор ресурса (Uniform Resource Identifier) https://vivaldi.nlr.ru/mk000000684/cover
856 #2 - МЕСТОНАХОЖДЕНИЕ ЭЛЕКТРОННЫХ РЕСУРОВ И ДОСТУП К НИМ
Универсальный идентификатор ресурса (Uniform Resource Identifier) https://vivaldi.nlr.ru/mk000000684/text
942 ## - ДОПОЛНИТЕЛЬНЫЕ ЭЛЕМЕНТЫ ЗАПИСИ (АБИС)
Тип экземпляра АБИС Звукозапись
980 ## - КОЛЛЕКЦИЯ
Название коллекции Национальная библиография
980 ## - КОЛЛЕКЦИЯ
Название коллекции Отдел нот и звукозаписей
981 24 - КОЛЛЕКЦИЯ ЭЛЕКТРОННОЙ БИБЛИОТЕКИ
Название коллекции Нотные издания и аудиозаписи
Название подколлекции Грампластинки
Экземпляры
Тип экземпляра Дата поступления Библиотека постоянного хранения Библиотека текущего хранения Место хранения Шифр хранения Статус экземпляра
Звукозапись 21.12.2018 РНБ (Московский) РНБ (Московский) Фонд нот и звукозаписей 3к/2953 3к/2953